Word Ladder: Broadway Musicals Quiz Stats

 Plays Quiz Updated Dec 30, 2017

Score 0/21 Timer 02:00
1 Play Today
Clue 4-Letter Word % Correct
Not prerecorded, like a Broadway showLIVE
94.5%
Hair-infesting bugsLICE
94.5%
The Phantom wears a mask to hide thisFACE
93.6%
'Arsenic and Old _____'LACE
90.4%
Musical featuring 'Memory'CATS
88.4%
Star of 'The Present' BlanchettCATE
87.2%
KismetFATE
82.7%
Miss Saigon's 'I'd _____ My Life for You'GIVE
81.4%
A ringing instrumentBELL
79.4%
Official program for the musical: play___BILL
74.1%
To sing loudly, like a soloBELT
72.4%
Clue 4-Letter Word % Correct
Angled or twistedBENT
68.2%
Idina Menzel played Maureen in this musicalRENT
63.9%
1991 musical '___ Rogers Follies'WILL
57.9%
Lyricist Tim of 'Evita' and 'Aida'RICE
53%
Enlightened, like an older ValjeanWISE
50.4%
A form of cunningWILE
49.9%
To 'Defy Gravity,' like ElphabaRISE
48.7%
A nasty habitVICE
48.3%
To sneer and taunt, like Amber Von TussleGIBE
30.7%
Urban magazine or a gut feelingVIBE
30%

Today's Daily Dose

Missing Word
Christopher Lee

You're not logged in!

Compare scores with friends on all Sporcle quizzes.
OR
Log In

Show Comments

Extras

Top Quizzes Today


Score Distribution

Your Account Isn't Verified!

In order to create a playlist on Sporcle, you need to verify the email address you used during registration. Go to your Sporcle Settings to finish the process.

Report this User

Report this user for behavior that violates our Community Guidelines.

Details: